Schnelle Mathematik - Potenzrechnen Level 17 - Statistiken

Allgemein
  • Dieses Quiz wurde 44 mal gespielt
  • Das Durchschnittsergebnis liegt bei 12 aus 20
Antwortstatistiken
Zahl Ergebnis % Korrekt
1⁰ 1
100%
1
100%
1
100%
10⁰ 1
100%
10¹ 10
100%
10³ 1000
100%
10⁶ 1000000
100%
10⁷ 10000000
100%
10⁸ 100000000
100%
125
100%
2⁷ 128
100%
12² 144
100%
3¹³ 1594323
100%
16
100%
12³ 1728
100%
2
100%
8⁷ 2097152
100%
5¹² 244140625
100%
12⁵ 248832
100%
16² 256
100%
2¹⁸ 262144
100%
27
100%
13⁴ 28561
100%
3
100%
5⁵ 3125
100%
36
100%
14⁴ 38416
100%
4
100%
6⁶ 46656
100%
3¹⁴ 4782969
100%
49
100%
2⁹ 512
100%
512
100%
6
100%
5⁴ 625
100%
64
100%
7
100%
3⁶ 729
100%
729
100%
6⁵ 7776
100%
8
100%
3⁴ 81
100%
81
100%
2²³ 8388608
100%
9
100%
8
75%
0
67%
9⁰ 1
67%
2²⁴ 16777216
67%
3⁵ 243
67%
4
67%
9⁷ 4782969
67%
5
67%
14² 196
60%
3⁰ 1
50%
10² 100
50%
10⁴ 10000
50%
2¹⁰ 1024
50%
11² 121
50%
11³ 1331
50%
4¹² 16777216
50%
13³ 2197
50%
6⁷ 279936
50%
8⁵ 32768
50%
4¹¹ 4194304
50%
7⁸ 5764801
50%
7⁶ 117649
33%
12⁶ 2985984
33%
8⁴ 4096
33%
9⁸ 43046721
33%
0
0%
0
0%
1
0%
2⁰ 1
0%
4⁰ 1
0%
5⁰ 1
0%
6⁰ 1
0%
7⁰ 1
0%
8⁰ 1
0%
10⁵ 100000
0%
4⁵ 1024
0%
2²⁰ 1048576
0%
4¹⁰ 1048576
0%
6⁴ 1296
0%
2¹⁷ 131072
0%
3¹⁵ 14348907
0%
11⁴ 14641
0%
5⁶ 15625
0%
2⁴ 16
0%
11⁵ 161051
0%
2¹⁴ 16384
0%
4⁷ 16384
0%
8⁸ 16777216
0%
6⁸ 1679616
0%
7⁵ 16807
0%
13² 169
0%
3¹¹ 177147
0%
11⁶ 1771561
0%
11⁷ 19487171
0%
5⁹ 1953125
0%
3⁹ 19683
0%
2¹¹ 2048
0%
12⁴ 20736
0%
2²¹ 2097152
0%
216
0%
3⁷ 2187
0%
15² 225
0%
7⁴ 2401
0%
25
0%
2⁸ 256
0%
4⁴ 256
0%
4⁹ 262144
0%
8⁶ 262144
0%
14³ 2744
0%
2⁵ 32
0%
2¹⁵ 32768
0%
15³ 3375
0%
343
0%
13⁵ 371293
0%
5⁸ 390625
0%
2¹² 4096
0%
4⁶ 4096
0%
2²² 4194304
0%
3¹⁶ 43046721
0%
5¹¹ 48828125
0%
2¹⁹ 524288
0%
3¹² 531441
0%
9⁶ 531441
0%
3¹⁰ 59049
0%
9⁵ 59049
0%
2⁶ 64
0%
64
0%
2¹⁶ 65536
0%
4⁸ 65536
0%
3⁸ 6561
0%
9⁴ 6561
0%
5⁷ 78125
0%
2¹³ 8192
0%
7⁷ 823543
0%
9
0%
5¹⁰ 9765625
0%
Keine übereinstimmenden Quizze gefunden
Verteilung der Resultate
Anzahl Personen mit jedem Resultat
Perzentil nach korrekt beantworteten Fragen
Ihre Resultats-Entwicklung
Sie haben dieses Quiz noch nicht gespielt